000 00656nam a22001937a 4500
999 _c11610
_d11610
003 OSt
005 20200206150239.0
008 181213b ||||| |||| 00| 0 eng d
022 _a00116009
040 _c0
082 _aDPer 792.805 D19 Mar-Aug 2016 v.90, n.3-8
100 _aFriscia, Suzannah.
_933108
245 _aDynamic and bold:
_boriginal ensemble members from Disney's Aladdin on Broadway show off vibrant hues/
_cSuzannah Friscia.
260 _aNew York:
_bDance Media,
_c©Mar-Aug 2016.
300 _av90 n6, pages 40-43.
_bcolored illustrations:
_c25 cm.
500 _aDance magazine
650 _aBallet
_933110
_xDancers.
942 _2ddc
_cPER